Burger King Chicken Lyrics (So Magnificent) - Statistics

General Stats
  • This quiz has been taken 23 times
  • The average score is 10 of 25
Answer Stats
Lyrics % Correct
Chicken
84%
It
63%
Magnificent
58%
So
58%
So
58%
You
58%
BK
53%
Have
53%
Your
53%
Rule!
47%
Way
47%
At
42%
Is
32%
All
26%
All
26%
There
26%
Different
21%
Equivalent
21%
Flavors
21%
International
21%
No
21%
Really
21%
Three
21%
Original
16%
Unrivaled
16%
No matching quizzes found
Score Distribution
Percent of People with Each Score
Percentile by Number Answered
Your Score History
You have not taken this quiz